Statistics for Kevin Spacey Movies

Click here to take the quiz!

General Stats

  • This quiz has been taken 13 times
  • The average score is 5 of 14

Answer Stats

Release YearCostarsMovie% Correct
1999Thora Birch, Chris CooperAmerican Beauty
83%
1995Brad Pitt, Morgan FreemanSeven
83%
1997Russell Crowe, Kim BasingerL.A. Confidential
67%
1995Benicio del Toro, Stephen BaldwinThe Usual Suspects
67%
2017Ansel Elgort, Lily JamesBaby Driver
50%
1996Matthew McConaughey, Samuel L. JacksonA Time To Kill
33%
2011Jason Bateman, Jennifer AnistonHorrible Bosses
33%
2008Jim Sturgess, Laurence Fishburne21
25%
2009Sam Rockwell, Benedict WongMoon
17%
1995Morgan Freeman, Rene RussoOutbreak
17%
2003Kate Winslet, Gabriel MannThe Life of David Gale
17%
2016Michael Shannon, Colin HanksElvis and Nixon
8%
1992Al Pacino, Alec BaldwinGlengarry Gary Ross
8%
1998Sean Penn, Robin WrightHurlyburly
8%

Score Distribution

Percentile by Number Answered

Percent of People with Each Score

Your Score History

You have not taken this quiz